A pronouncing dictionary of the Spanish and English languages (Record no. 167152)

MARC details
000 -LEADER
campo de control de longitud fija 01177nam a2200253 i 4500
001 - NÚMERO DE CONTROL
campo de control 167152
003 - IDENTIFICADOR DE NÚMERO DE CONTROL
campo de control ES-MaACL
005 - FECHA Y HORA DE LA ÚLTIMA TRANSACCIÓN
campo de control 20230906213453.0
008 - DATOS DE LONGITUD FIJA--INFORMACIÓN GENERAL
campo de control de longitud fija 050927s1865 xxu d |||| | eng d
100 1# - ENTRADA PRINCIPAL--NOMBRE DE PERSONA
Nombre de persona Velázquez de la Cadena, Mariano.
9 (RLIN) 133610
245 12 - MENCIÓN DEL TÍTULO
Título A pronouncing dictionary of the Spanish and English languages
Resto del título : composed from the Spanish dictionaries of the Spanish Academy, Terreros and Salvá... /
Mención de responsabilidad, etc. by Mariano Velazquez de la Cadena.
260 ## - PUBLICACIÓN, DISTRIBUCIÓN, ETC.
Lugar de publicación, distribución, etc. New York :
Nombre del editor, distribuidor, etc. D. Appleton and Company,
Fecha de publicación, distribución, etc. 1865.
300 ## - DESCRIPCIÓN FÍSICA
Extensión 2 t. en 1 v. (XVI, 675; XV, 602 p.) ;
Dimensiones 25 cm.
490 1# - MENCIÓN DE SERIE
Mención de serie Seone's Neuman and Baretti by Velazquez
505 8# - NOTA DE CONTENIDO CON FORMATO
Nota de contenido con formato Contiene: I ;
Título Spanish-English - II ;
-- English-Spanish
597 ## - NOTA DE DESCRIPCIÓN FÍSICA
NOTA DE DESCRIPCIÓN FÍSICA Cada parte con port. propia, la 2ª en español.
650 04 - PUNTO DE ACCESO ADICIONAL DE MATERIA--TÉRMINO DE MATERIA
Término de materia o nombre geográfico como elemento de entrada Lengua inglesa-
Subdivisión general Pronunciación.
9 (RLIN) 14284
650 04 - PUNTO DE ACCESO ADICIONAL DE MATERIA--TÉRMINO DE MATERIA
Término de materia o nombre geográfico como elemento de entrada Lengua inglesa-
Subdivisión de forma Diccionarios-
Subdivisión general Español.
9 (RLIN) 14270
650 04 - PUNTO DE ACCESO ADICIONAL DE MATERIA--TÉRMINO DE MATERIA
Término de materia o nombre geográfico como elemento de entrada Lengua española-
Subdivisión general Pronunciación.
9 (RLIN) 14179
650 04 - PUNTO DE ACCESO ADICIONAL DE MATERIA--TÉRMINO DE MATERIA
Término de materia o nombre geográfico como elemento de entrada Lengua española-
Subdivisión de forma Diccionarios-
Subdivisión general Inglés.
9 (RLIN) 14142
830 0# - PUNTO DE ACCESO ADICIONAL DE SERIE-TÍTULO UNIFORME
Título uniforme Seone's Neuman and Baretti by Velazquez
9 (RLIN) 222601
852 ## - LOCALIZACIÓN
Ubicación ES-MaACL
Número de control de estantería C-1922
Nota libre - Enc. hol.
-- . - Legado M. de la Fuente
Holdings
Estatus retirado Estado de pérdida Estado de daño No para préstamo Colección Biblioteca de origen Biblioteca actual Ubicación en estantería Fecha de adquisición Fuente de adquisición Total de préstamos Signatura topográfica completa Código de barras Visto por última vez Precio de reemplazo Tipo de ítem Koha
        Libros del s. XIX Biblioteca del Ateneo de Madrid Biblioteca del Ateneo de Madrid Sala Palomar 17/01/2008     C-1922 1175340 23/02/2023 23/02/2023 Libro impreso antiguo